RB Leipzig Champions League XIs - Statistics

General Stats
  • This quiz has been taken 525 times
    437 since last reset
  • The average score is 16 of 27
Answer Stats
Answer % Correct
Timo Werner
90%
Péter Gulácsi
88%
Dayot Upamecano
83%
Willi Orbán
76%
Yussuf Poulsen
75%
Emil Forsberg
72%
Christopher Nkunku
71%
Lukas Klostermann
71%
Marcel Sabitzer
71%
Dominik Szoboszlai
65%
Ibrahima Konaté
65%
Dani Olmo
63%
Konrad Laimer
63%
David Raum
59%
Marcel Halstenberg
57%
André Silva
54%
Angeliño
53%
Mohamed Simakan
51%
Nordi Mukiele
51%
Naby Keïta
49%
Kevin Kampl
48%
Amadou Haidara
47%
Joško Gvardiol
46%
Janis Blaswich
42%
Xaver Schlager
37%
Jean-Kévin Augustin
20%
Tyler Adams
20%
No matching quizzes found
Score Distribution
Percent of People with Each Score
Percentile by Number Answered
Your Score History
You have not taken this quiz since the last reset